<?xml version="1.0" encoding="UTF-8"?>
<record
    xmlns:xsi="http://www.w3.org/2001/XMLSchema-instance"
    xsi:schemaLocation="http://www.loc.gov/MARC21/slim http://www.loc.gov/standards/marcxml/schema/MARC21slim.xsd"
    xmlns="http://www.loc.gov/MARC21/slim">

  <leader>01400nam a22002657a 4500</leader>
  <controlfield tag="003">EG-NbEJU</controlfield>
  <controlfield tag="005">20260401084653.0</controlfield>
  <controlfield tag="008">260126b        |||||||| |||| 00| 0 eng d</controlfield>
  <datafield tag="017" ind1=" " ind2=" ">
    <subfield code="a">1994 / 5539</subfield>
    <subfield code="b">&#x645;&#x635;&#x631; . &#x62F;&#x627;&#x631; &#x627;&#x644;&#x645;&#x639;&#x627;&#x631;&#x641; </subfield>
  </datafield>
  <datafield tag="020" ind1=" " ind2=" ">
    <subfield code="a">9770245917</subfield>
  </datafield>
  <datafield tag="040" ind1=" " ind2=" ">
    <subfield code="a">EG-NbEJU</subfield>
    <subfield code="b">ara</subfield>
    <subfield code="c">EG-NbEJU</subfield>
  </datafield>
  <datafield tag="041" ind1=" " ind2=" ">
    <subfield code="a">ara</subfield>
  </datafield>
  <datafield tag="050" ind1=" " ind2=" ">
    <subfield code="a">B825.G5</subfield>
    <subfield code="b">D66 1994</subfield>
  </datafield>
  <datafield tag="100" ind1=" " ind2=" ">
    <subfield code="a">&#x62F;&#x646;&#x64A;&#x627; &#x60C; &#x633;&#x644;&#x64A;&#x645;&#x627;&#x646; </subfield>
    <subfield code="e">&#x645;&#x624;&#x644;&#x641;</subfield>
  </datafield>
  <datafield tag="245" ind1=" " ind2=" ">
    <subfield code="a">&#x627;&#x644;&#x62D;&#x642;&#x64A;&#x642;&#x629; &#x641;&#x64A; &#x646;&#x638;&#x631; &#x627;&#x644;&#x63A;&#x632;&#x627;&#x644;&#x64A; /</subfield>
    <subfield code="c">&#x627;&#x644;&#x62F;&#x643;&#x62A;&#x648;&#x631; &#x633;&#x644;&#x64A;&#x645;&#x627;&#x646; &#x62F;&#x646;&#x64A;&#x627;</subfield>
  </datafield>
  <datafield tag="250" ind1=" " ind2=" ">
    <subfield code="a">&#x627;&#x644;&#x637;&#x628;&#x639;&#x629; &#x627;&#x644;&#x62E;&#x627;&#x645;&#x633;&#x629; </subfield>
  </datafield>
  <datafield tag="260" ind1=" " ind2=" ">
    <subfield code="a">&#x627;&#x644;&#x642;&#x627;&#x647;&#x631;&#x629; :</subfield>
    <subfield code="b">&#x62F;&#x627;&#x631; &#x627;&#x644;&#x645;&#x639;&#x627;&#x631;&#x641; &#x60C; </subfield>
    <subfield code="c">1994</subfield>
  </datafield>
  <datafield tag="300" ind1=" " ind2=" ">
    <subfield code="a">&#x635;&#x641;&#x62D;&#x629; 413 &#x61B; </subfield>
    <subfield code="c">23 &#x633;&#x645; </subfield>
  </datafield>
  <datafield tag="490" ind1=" " ind2=" ">
    <subfield code="a">&#x645;&#x643;&#x62A;&#x628;&#x629; &#x627;&#x644;&#x62F;&#x631;&#x627;&#x633;&#x627;&#x62A; &#x627;&#x644;&#x641;&#x644;&#x633;&#x641;&#x64A;&#x629; </subfield>
  </datafield>
  <datafield tag="520" ind1=" " ind2=" ">
    <subfield code="a">&#x64A;&#x639;&#x627;&#x644;&#x62C; &#x647;&#x630;&#x627; &#x627;&#x644;&#x643;&#x62A;&#x627;&#x628; &#x645;&#x648;&#x636;&#x648;&#x639;&#x627; &#x637;&#x631;&#x64A;&#x641;&#x627; &#x644;&#x645; &#x64A;&#x633;&#x628;&#x642; &#x644;&#x627; &#x62D;&#x62F; &#x637;&#x631;&#x642;&#x629; &#x645;&#x646; &#x642;&#x628;&#x644; &#x648; &#x647;&#x648; &#x627;&#x644;&#x643;&#x634;&#x641; &#x639;&#x646; &#x627;&#x644;&#x627;&#x637;&#x648;&#x627;&#x631; &#x627;&#x644;&#x62A;&#x64A; &#x645;&#x631; &#x628;&#x647;&#x627; &#x62A;&#x641;&#x643;&#x64A;&#x631; &#x627;&#x644;&#x63A;&#x632;&#x627;&#x644;&#x64A; &#x648; &#x627;&#x644;&#x645;&#x631;&#x627;&#x62D;&#x644; &#x627;&#x644;&#x62A;&#x64A; &#x642;&#x637;&#x639;&#x647;&#x627; &#x628;&#x62D;&#x62B;&#x647; &#x639;&#x646; &#x627;&#x644;&#x62D;&#x642;&#x64A;&#x642;&#x629; &#x645;&#x639; &#x627;&#x644;&#x62F;&#x644;&#x627;&#x644;&#x629; &#x639;&#x644;&#x64A; &#x643;&#x62A;&#x628;&#x629; &#x627;&#x644;&#x62A;&#x64A; &#x644;&#x627;&#x628;&#x62F; &#x645;&#x646; &#x627;&#x644;&#x631;&#x62C;&#x648;&#x639; &#x627;&#x644;&#x64A;&#x647;&#x627; &#x644;&#x645;&#x639;&#x631;&#x641;&#x629; &#x648;&#x62C;&#x647;&#x629; &#x646;&#x638;&#x631;&#x647; &#x641;&#x64A; &#x627;&#x644;&#x645;&#x634;&#x627;&#x643;&#x644; &#x627;&#x644;&#x62A;&#x64A; &#x633;&#x627;&#x62F;&#x62A; &#x639;&#x635;&#x631;&#x647; &#x648; &#x639;&#x644;&#x64A; &#x633;&#x628;&#x628; &#x627;&#x644;&#x630;&#x64A; &#x645;&#x646; &#x627;&#x62C;&#x644;&#x647; &#x62A;&#x639;&#x627;&#x631;&#x636;&#x62A; &#x622;&#x631;&#x627;&#x624;&#x647; &#x648; &#x627;&#x644;&#x645;&#x647;&#x62C; &#x627;&#x644;&#x630;&#x64A; &#x64A;&#x639;&#x627;&#x644;&#x62C; &#x62D;&#x644; &#x647;&#x630;&#x627; &#x627;&#x644;&#x62A;&#x639;&#x627;&#x631;&#x636; </subfield>
  </datafield>
  <datafield tag="650" ind1=" " ind2=" ">
    <subfield code="2">qrmak</subfield>
    <subfield code="a">&#x627;&#x644;&#x627;&#x62F;&#x628; &#x627;&#x644;&#x639;&#x631;&#x628;&#x64A; </subfield>
    <subfield code="x">&#x62A;&#x627;&#x631;&#x64A;&#x62E; -- &#x646;&#x642;&#x62F; </subfield>
  </datafield>
  <datafield tag="901" ind1=" " ind2=" ">
    <subfield code="a">Rowan</subfield>
  </datafield>
  <datafield tag="902" ind1=" " ind2=" ">
    <subfield code="a">xxx</subfield>
  </datafield>
  <datafield tag="942" ind1=" " ind2=" ">
    <subfield code="2">lcc</subfield>
    <subfield code="c">BK</subfield>
    <subfield code="n">0</subfield>
  </datafield>
  <datafield tag="999" ind1=" " ind2=" ">
    <subfield code="c">7574</subfield>
    <subfield code="d">7574</subfield>
  </datafield>
  <datafield tag="952" ind1=" " ind2=" ">
    <subfield code="0">0</subfield>
    <subfield code="1">0</subfield>
    <subfield code="2">lcc</subfield>
    <subfield code="4">0</subfield>
    <subfield code="7">0</subfield>
    <subfield code="a">EJUST</subfield>
    <subfield code="b">EJUST</subfield>
    <subfield code="d">2026-02-01</subfield>
    <subfield code="l">0</subfield>
    <subfield code="o">B825.G5 D66 1994</subfield>
    <subfield code="p">10015130</subfield>
    <subfield code="r">2026-02-01 11:33:00</subfield>
    <subfield code="t">C. 1</subfield>
    <subfield code="w">2026-02-01</subfield>
    <subfield code="y">NCBK</subfield>
  </datafield>
</record>
